000 00655cam a22002172 4500
001 0000012002
005 20151217154414.0
008 090125s xx 000 0 eng d
020 _a0768422351 :
040 _aKABU
_cKABU
100 1 _aJoyner, Rick.
_@0000168148
245 1 0 _aDelivered from evil :
_bpreparing for the age to come /
_cRick Joyner.
250 _a1st ed.
260 _aShippensburg, PA :
_bDestiny Image,
_c2004.
300 _a142 p.
650 0 _aEnd of the world.
_@0000168149
650 0 _aPrivate revelations.
_@0000168150
852 1 _9p720 KES
908 _a090125
950 _@1
999 _c11064
_d11064